000 00427nmm a2200157Ia 4500
008 251105s9999||||xx |||||||||||||||||und||
020 _a9789580612773
041 _aspa
100 _aOsorio, Eliana
245 0 _aLa leyenda
264 _a[Bogotá, Colombia] :
_bOveja Negra,
_c2015
300 _a310 páginas
650 _aLatin American narrative
856 _uhttps://public.digitaliapublishing.com/a/55062
942 _cCF
999 _c94924
_d94924